| 000 | 00468 a2200133 4500 | ||
|---|---|---|---|
| 001 | 92438 | ||
| 082 | _a891.4393 SHE | ||
| 090 |
_c44411 _d44412 |
||
| 100 | _aDirectorate of films and Publictions, Govt of Pakistan ministry of information and broadcasting | ||
| 245 | _abyad Faiz; mah e naw magazine, oct 2013 | ||
| 260 |
_aIslamabad _bDirectorate General of electronic media and Publications; Govt of Pakistan _c2013 |
||
| 300 | _a376 p. | ||
| 740 | _afaiz number | ||
| 942 |
_aCAE NUST _k891.4393 SHE |
||
| 999 |
_c327511 _d327511 |
||